| 000 | 00532nam a2200169 i 4500 | ||
|---|---|---|---|
| 001 | 62069 | ||
| 003 | ES-MaACL | ||
| 005 | 20251105063131.0 | ||
| 007 | t| | ||
| 008 | 031117s1911 sp ||||1| cat d | ||
| 100 | 1 |
_aFaura i Sans, M., _d1883-1941 _948954 |
|
| 245 | 1 | 0 |
_aHomenatje del Centre Excursionista del Vallés al Dr. N. Font y Sagué / _cMariano Faura y Sans. |
| 260 |
_a[S.l. : _bs.n., _c1911] |
||
| 600 | 1 | 4 |
_aFont y Sagué, Norbert, _d1874-1910 _951575 |
| 852 |
_aES-MaACL _jT-1233-F-5 |
||
| 999 |
_c62069 _d62069 |
||